000 00484nam a2200181Ia 4500
005 20250423100906.0
008 250422s9999 xx 000 0 und d
020 _a0-8389-3305-X
050 _aZ689.S354/
100 _aPatricia A. McClung
245 0 _aSelection of Library Materials in the Humanities, Social Sciences, and Sciences
260 _aChicago
260 _bAmerican Library Association
260 _c1985
300 _a405 p
650 _aNumanities
942 _cBK
999 _c34659
_d34659